000 00944cam a2200253 i 4500
003 SA-RiAUC
005 20250706122258.0
008 250702s2000 su g 000 p ara c
020 _a9960852393
040 _aSA-RiAUC
_bara
_cSA-RiAUC
_erda
082 0 4 _a811.062
090 _a811.062
_bع ص ي
100 1 _aالعصيمي، صالح بن مقبل بن عبد الله
_eمؤلف.
245 1 0 _aقصائد الحنين إلى البلد الأمين /
_cصالح بن مقبل العصيمي التميمي.
250 _aالطبعة الأولى.
264 1 _aالرياض :
_bدار ابن خزيمة للنشر والتوزيع،
_c2000
300 _a96 صفحة ؛
_c24 سم
336 _aنص
_btxt
_2rdacontent
_3كتاب
337 _aبدون وسيط
_bn
_2rdamedia
338 _aمجلد
_bnc
_2rdacarrier
650 7 _aالشعر العربي
_2aucsh
942 _2ddc
_cBOOK
_n0
949 _aSA-JeALM
_d250702
_umohamedma123
_n1
999 _c9542
_d9542